000
00260nam a2200109Ia 4500
008
190907s9999||||xx |||||||||||||| ||und||
100
_a
Charles W. L. Hill
245
0
_a
Global Business
260
_a
New york
_b
Prentice Hall
_c
2003
300
_a
530
942
_c
BK
999
_c
6389
_d
6389